| 000 | 01184nam a2200325 i 4500 | ||
|---|---|---|---|
| 001 | bg | ||
| 003 | BPK | ||
| 005 | 20220316124159.0 | ||
| 008 | 011218s2001 pl a f f |001 0 pol | ||
| 015 | _aPB 2001/20693 | ||
| 020 | _a8301135018 | ||
| 040 |
_aWA N _cBPK |
||
| 041 | 1 |
_apol _hger |
|
| 080 | _a681.5:004:621.38 | ||
| 080 | _a(075.8) | ||
| 100 | 1 |
_aHeimann, Bodo _d(1942- ). |
|
| 245 | 1 | 0 |
_aMechatronika : _bkomponenty, metody, przykłady / _cBodo Heimann, Wilfried Gerth, Karl Popp ; przekł. z jęz. niem. Marek Gawrysiak. |
| 246 | 1 |
_iTyt. oryg.: _aMechatronik : _bKomponenten - Methoden - Beispiele, _f2001. |
|
| 260 |
_aWarszawa : _bWydaw. Naukowe PWN, _c2001. |
||
| 300 |
_a373, [1] s. : _bil. ; _c24 cm. |
||
| 504 | _aBibliogr. przy rozdz. - Indeks. | ||
| 655 | 4 | _aPodręczniki akademickie | |
| 650 | 4 | _aMechatronika | |
| 700 | 1 | _aGerth, Wilfried. | |
| 700 | 1 |
_aPopp, Karl _d(1942- ). |
|
| 710 | 2 |
_aWydawnictwo Naukowe PWN _4pbl. |
|
| 700 | 1 |
_aGawrysiak, Marek _d(1946- ) _eTłumaczenie |
|
| 942 |
_2UKD _cKS |
||
| 856 |
_uhttp://koha.tu.koszalin.pl/cgi-bin/koha/opac-detail.pl?biblionumber=40304 _yKatalog online BPK |
||
| 999 |
_c40304 _d40304 |
||